UK real estate quarterly (Record no. 109748)

MARC details
000 -LEADER
fixed length control field 01026cad a22002535a 4500
001 - CONTROL NUMBER
control field E147848
008 - FIXED-LENGTH DATA ELEMENTS--GENERAL INFORMATION
fixed length control field 090624s2009 xxk f 000 0 eng d
035 ## - SYSTEM CONTROL NUMBER
System control number (Sirsi) u147848
041 0# - LANGUAGE CODE
Language code of text/sound track or separate title eng
050 04 - LIBRARY OF CONGRESS CALL NUMBER
Classification number 333.33 $2 18
100 1# - MAIN ENTRY--PERSONAL NAME
Personal name Hobbs, Peter
245 00 - TITLE STATEMENT
Title UK real estate quarterly
Remainder of title June 2009
Medium [electronic resource]
260 ## - PUBLICATION, DISTRIBUTION, ETC.
Place of publication, distribution, etc. London
Name of publisher, distributor, etc. RREEF
Date of publication, distribution, etc. 2009
490 #0 - SERIES STATEMENT
Series statement RREEF UK Real Estate Quarterly
505 2# - FORMATTED CONTENTS NOTE
Formatted contents note Summary -- Market outlook -- Research topic: bank lending to the UK market
520 ## - SUMMARY, ETC.
Summary, etc. Looks at issues related to the macro economy, UK real estate markets and capital markets over the last quarter and in the short term future. Goes on to examine in depth the role of bank lending to the commercial real estate sector.
521 ## - TARGET AUDIENCE NOTE
Target audience note Advanced
590 ## - LOCAL NOTE (RLIN)
Local note KA
651 #4 - SUBJECT ADDED ENTRY--GEOGRAPHIC NAME
Geographic name United Kingdom
Chronological subdivision
690 ## - LOCAL SUBJECT ADDED ENTRY--TOPICAL TERM (OCLC, RLIN)
Topical term or geographic name as entry element PROPERTY-COMMERCIAL PROPERTY-COMMERCIAL PROPERTY MARKET
700 1# - ADDED ENTRY--PERSONAL NAME
Personal name Stratton, Henry
856 40 - ELECTRONIC LOCATION AND ACCESS
Uniform Resource Identifier <a href="https://www.rreef.com">https://www.rreef.com</a>
Public note View the report free of charge at www.rreef.com...
942 ## - ADDED ENTRY ELEMENTS (KOHA)
Suppress in OPAC 0
Holdings
Withdrawn status Lost status Source of classification or shelving scheme Damaged status Not for loan Home library Current library Shelving location Date acquired Total Checkouts Full call number Barcode Date last seen Copy number Price effective from Koha item type
    Dewey Decimal Classification     Virtual Virtual Online 24/06/2009   ONLINE PUBLICATION 147848-2001 06/08/2019 1 06/08/2019 Book